| 000 | 00768nam a2200205Ia 4500 | ||
|---|---|---|---|
| 005 | 20251020182532.0 | ||
| 008 | 200515s9999 xx 000 0 und d | ||
| 082 | _a711/U42 | ||
| 100 | _aUNWIN, Raymond | ||
| 245 | 0 | _aLa práctica del urbanismo : una introducción al arte de proyectar ciudades y barrios | |
| 250 | _a2a ed. | ||
| 260 | _aBarcelona | ||
| 260 | _c1984 | ||
| 500 | _a1 ejemplar | ||
| 520 | _aCompendio del diseño urbano histórico. Sus reflexiones en torno al arte de la planificación urbana y a la individualidad y belleza de las ciudades, suponen una particular defensa del valor de su forma desde la plataforma del movimiento «Arts and Crafts» | ||
| 650 | _aLIB | ||
| 650 | _aPLANIFICACION URBANA | ||
| 650 | _aURBANISMO | ||
| 942 | _cLIB | ||
| 999 |
_c2120 _d2120 |
||